Фундаментальная компонента в элитном инженерном образовании; Элитное инженерное образование 2004

Dettagli Bibliografici
Parent link:Элитное инженерное образование 2004.— 2004.— С. 29-30
Autore principale: Карякин Ю. В. Юрий Васильевич
Riassunto:В фонде НТБ ТПУ отсутствует
Lingua:russo
Pubblicazione: 2004
Soggetti:
Natura: MixedMaterials Capitolo di libro
KOHA link:https://koha.lib.tpu.ru/cgi-bin/koha/opac-detail.pl?biblionumber=599353

MARC

LEADER 00000naa0a2200000 4500
001 599353
005 20250417123722.0
035 |a (RuTPU)RU\TPU\tpu\23370 
035 |a RU\TPU\tpu\22688 
090 |a 599353 
100 |a 20130619d2004 k y0rusy50 ca 
101 0 |a rus 
102 |a RU 
200 1 |a Фундаментальная компонента в элитном инженерном образовании  |f Ю. В. Карякин 
333 |a В фонде НТБ ТПУ отсутствует 
463 |t Элитное инженерное образование 2004  |o межрегиональная научная конференция (Зеленоград, 25-27 октября 2004 г.)  |o тезисы докладов  |v С. 29-30  |d 2004 
610 1 |a труды учёных ТПУ 
700 1 |a Карякин  |b Ю. В.  |c специалист в области организации высшего профессионального образования  |c ведущий эксперт Томского политехнического университета, кандидат технических наук  |f 1939-  |g Юрий Васильевич  |3 (RuTPU)RU\TPU\pers\25184 
801 1 |a RU  |b 63413507  |c 20121123 
801 2 |a RU  |b 63413507  |c 20130619  |g RCR 
850 |a 63413507 
942 |c BK